Integración del transporte para la competitividad nacional y empresarial.

5 podmienok, ktoré kvalifikujú transportný systém. Logistika zapojenia dopravy. Medzinárodná doprava. Telekomunikácia a informatika dopravy. Kamionová technológia a manipulácia s tovarom.

Gespeichert in:
Bibliographische Detailangaben
1. Verfasser: Buen Richkarday de, Ó.
Format: Buchkapitel
Sprache:Spanisch
Schlagworte:
Tags: Tag hinzufügen
Keine Tags, Fügen Sie das erste Tag hinzu!

MARC

LEADER 00000naa a2200000 4500
001 r007805
005 20221130112605.1
041 0 |a spa 
044 |a MX 
245 1 0 |a Integración del transporte para la competitividad nacional y empresarial.  |c Ó. Buen Richkarday de 
520 |a 5 podmienok, ktoré kvalifikujú transportný systém. Logistika zapojenia dopravy. Medzinárodná doprava. Telekomunikácia a informatika dopravy. Kamionová technológia a manipulácia s tovarom. 
610 2 0 |a doprava 
610 2 0 |a telekomunikácie 
610 2 0 |a informatika 
610 2 0 |a logistika 
610 2 0 |a technológia 
610 2 0 |a manipulácia s tovarom 
610 2 0 |a doprava medzinárodná 
100 1 |a Buen Richkarday de, Ó.